书目信息 |
| 题名: |
建设工程法规及相关知识考点精析
|
|
| 作者: | 吴伟巍 编著 | |
| 分册: | ||
| 出版信息: | 南京 东南大学出版社 2014 |
|
| 页数: | 178页 | |
| 开本: | 26cm | |
| 丛书名: | ||
| 单 册: | ||
| 中图分类: | D922.297 | |
| 科图分类: | ||
| 主题词: | 建筑法--中国--资格考试--自学参考资料 , 建筑法 | |
| 电子资源: | ||
| ISBN: | 978-7-5641-4944-4 | |
| 000 | 00883nam0 2200241 450 | |
| 001 | 139611 | |
| 005 | 20140913083218.01 | |
| 010 | @a978-7-5641-4944-4@dCNY 25.00 | |
| 100 | @a20140630d2014 em y0chiy50 ea | |
| 101 | 0 | @achi |
| 102 | @aCN@b320000 | |
| 105 | @ay z 000yy | |
| 200 | 1 | @a建设工程法规及相关知识考点精析@Ajian she gong cheng fa gui ji xiang guan zhi shi kao dian jing xi@b专著@f吴伟巍编著 |
| 210 | @a南京@c东南大学出版社@d2014 | |
| 215 | @a178页@d26cm | |
| 300 | @a2014全国一级建造师执业资格考试十日通 | |
| 330 | @a本书内容包括:建筑工程基本法律知识、施工许可法律制度、建设工程发承包法律制度、建设工程合同和劳动合同法律制度、建设工程质量法律制度等。 | |
| 606 | 0 | @a建筑法@y中国@x资格考试@j自学参考资料 |
| 606 | 0 | @a建筑法 |
| 690 | @aD922.297@v5 | |
| 701 | 0 | @a吴伟巍@Awu wei wei@f(1981 )@4编著 |
| 801 | 0 | @aCN@bZL@c20140913 |
| 905 | @a241430@dD922.297@eW880 | |
| 建设工程法规及相关知识考点精析/吴伟巍编著.-南京:东南大学出版社,2014 |
| 178页;26cm |
| 2014全国一级建造师执业资格考试十日通 |
| ISBN 978-7-5641-4944-4:CNY 25.00 |
| 本书内容包括:建筑工程基本法律知识、施工许可法律制度、建设工程发承包法律制度、建设工程合同和劳动合同法律制度、建设工程质量法律制度等。 |
| ● |
| 相关链接 |
|
|
|
正题名:建设工程法规及相关知识考点精析
索取号:D922.297/W880
 
预约/预借
| 序号 | 登录号 | 条形码 | 馆藏地/架位号 | 状态 | 备注 |
| 1 | 0831530 | 208315303 | 社科库509/509社科库 88排6列6层/ [索取号:D922.297/W880] | 在馆 | |
| 2 | 0831531 | 208315312 | 社科库509/509社科库 88排6列6层/ [索取号:D922.297/W880] | 在馆 | |
| 3 | 0831532 | 208315321 | 社科库509/509社科库 88排6列6层/ [索取号:D922.297/W880] | 在馆 |